00506nmm a2200169Ia 4500008004100000020001800041041000800059100002100067245004400088264005800132300001800190490002300208650003000231856005100261942000700312999001700319251105s9999||||xx |||||||||||||||||und|| a9788484898733 aspa aDhondt, Reindert 0aCarlos Fuentes y el pensamiento barroco a[Madrid, España] :bIberoamericana Vervuert, c2015 a360 páginas aNuevos Hispanismos aLatin American literature uhttps://public.digitaliapublishing.com/a/56867 cCF c86855d86855